000 00305nam a22001337a 4500
999 _c528068
_d528068
003 NUST
038 _aM.Ramzan
082 _a388.40973
_bFHW
100 _aFHWA
_919474
245 _apublic Involvement techniques for ../
_cFHWA
260 _aUSA
_bFHWA
_c1996
300 _a226 p, :
_c25cm
942 _2ddc
_cBK